[Event "C.to Provinciale MB"]
[Site "Ceriano Laghetto ITA"]
[Date "2014.02.18"]
[Round "5"]
[White "Cavalieri, Riccardo"]
[Black "Origgio, Stefano"]
[WhiteElo "1576"]
[BlackElo "1691"]
[Result "1/2-1/2"]
[PlyCount "102"]
[EventDate "2014.01.21"]

1. e4 e5 2. Nf3 Nc6 3. Bb5 a6 4. Ba4 Nf6 5. O-O Be7 6. Re1 b5 7. Bb3 d6 8. c3
O-O 9. h3 Bb7 10. Bc2 Re8 11. d4 Bf8 12. d5 Nb8 13. b3 a5 14. Be3 Nbd7 15. Bd3
c6 16. dxc6 Bxc6 17. Nfd2 d5 18. Qc2 Qc7 19. exd5 Bxd5 20. Bxb5 Qb7 21. Bxd7
Nxd7 22. f3 Rac8 23. c4 Nf6 24. Nc3 Bc6 25. Bf2 Rcd8 26. Nde4 Nxe4 27. Nxe4 f5
28. Ng3 e4 29. fxe4 fxe4 30. Be3 Qf7 31. Bb6 Rb8 32. Bxa5 Bc5+ 33. Kh1 Qf4 34.
Nf1 Bf2 35. Re2 e3 36. Nxe3 Bxe3 37. Bd2 Bxd2 38. Qxd2 Qxd2 39. Rxd2 Re3 40.
Rad1 Rbe8 41. Rd8 Kf7 42. Rxe8 Kxe8 43. Rd2 Ke7 44. Kg1 g5 45. Kf2 Rc3 46. Ke1
h5 47. Kf2 Ke6 48. Kg1 Kf5 49. Kf2 h4 50. Kf1 Kf4 51. Kf2 Bb7 {...} 1/2-1/2

[Event "C.to Provinciale MB"]
[Site "Ceriano Laghetto ITA"]
[Date "2014.02.18"]
[Round "5"]
[White "Frigerio, Roberto"]
[Black "Monticelli, Francesco"]
[WhiteElo "1754"]
[BlackElo "1705"]
[Result "0-1"]
[PlyCount "70"]
[EventDate "2014.01.21"]

1. e4 c6 2. d4 d5 3. exd5 cxd5 4. Nf3 Nf6 5. Bb5+ Bd7 6. a4 e6 7. O-O Bd6 8.
Bg5 Bxb5 9. axb5 Nbd7 10. Re1 Qc7 11. Nbd2 O-O 12. h3 Qb6 13. c3 Qxb5 14. Qc2
Rfc8 15. Ne5 h6 16. Bf4 Rc7 17. Re3 Nh5 18. Bh2 Nxe5 19. Bxe5 Bxe5 20. Rxe5 Nf4
21. c4 Qb4 22. Ra4 Qe7 23. c5 Qd7 24. g3 Nxh3+ 25. Kh2 Nxf2 26. Kg2 Ng4 27. Re1
Qe7 28. Nf3 a6 29. Qe2 Rac8 30. b4 Nf6 31. Ne5 Ne4 32. Qd3 Qg5 33. Nc4 Nxc5 34.
bxc5 dxc4 35. Qxc4 b5 0-1

[Event "C.to Provinciale MB"]
[Site "Ceriano Laghetto ITA"]
[Date "2014.02.18"]
[Round "5"]
[White "Moroni, Luca Jr"]
[Black "Viale, Fabio"]
[WhiteElo "2253"]
[BlackElo "1834"]
[Result "1-0"]
[PlyCount "77"]
[EventDate "2014.01.21"]

1. Nf3 Nf6 2. c4 b6 3. g3 Bb7 4. Bg2 e6 5. O-O Be7 6. Nc3 O-O 7. Re1 d5 8. cxd5
exd5 9. d4 Nbd7 10. Bf4 Bb4 11. Qc2 c5 12. Red1 Bxc3 13. Qxc3 Ne4 14. Qa3 c4
15. Ne5 g5 16. Nxd7 Qxd7 17. Bxe4 gxf4 18. Bf3 Qf5 19. Qe7 Rab8 20. Qh4 fxg3
21. hxg3 Kh8 22. Kg2 Rg8 23. Rh1 Rg7 24. Qe7 Qe6 25. Qc7 Qc8 26. Qf4 Qg8 27.
Rh5 Re8 28. Rah1 b5 29. e3 b4 30. Bd1 Re4 31. Qd6 Re6 32. Qxb4 Rb6 33. Qa3 Ra6
34. Qc3 Rag6 35. Bc2 Rxg3+ 36. fxg3 Rxg3+ 37. Kf1 Rf3+ 38. Ke1 Qg3+ 39. Kd1 1-0

[Event "C.to Provinciale MB"]
[Site "Ceriano Laghetto ITA"]
[Date "2014.02.18"]
[Round "5"]
[White "Regorda, Vittorio"]
[Black "Veronelli, Franco"]
[WhiteElo "1778"]
[BlackElo "1728"]
[Result "1-0"]
[PlyCount "131"]
[EventDate "2014.01.21"]

1. d4 d5 2. c4 e6 3. Nf3 c5 4. cxd5 exd5 5. g3 Nc6 6. Bg2 Nf6 7. O-O Be7 8. Nc3
O-O 9. Ne5 Nxd4 10. e3 Nc6 11. Nxc6 bxc6 12. Qa4 Bd7 13. Rd1 Qb6 14. Qf4 Qb8
15. Qa4 Qb4 16. Qc2 Rad8 17. a3 Qb8 18. Na4 c4 19. Nc3 Be6 20. Ne2 Nd7 21. Nd4
Qc8 22. Qa4 Nc5 23. Qxc6 Bf6 24. Qxc8 Rxc8 25. Bd2 Nd3 26. Bc3 Rfd8 27. Bf1 Nc5
28. Nxe6 fxe6 29. Bh3 Kf7 30. Bxf6 gxf6 31. Rac1 a5 32. Rc2 Rb8 33. Bf1 Rb3 34.
Bxc4 Rbb8 35. Ba2 Ne4 36. f3 Nd6 37. b3 Rd7 38. a4 Nf5 39. Rd3 Ke7 40. Rc5 Ra8
41. Kf2 Nd6 42. Bb1 h6 43. Rdc3 Raa7 44. Bd3 Rdb7 45. g4 Nf7 46. f4 Nd6 47. Kf3
Nf7 48. Bb5 Nd6 49. Bd3 Nf7 50. Rc8 Nd6 51. Rh8 Nf7 52. Rh7 Kd6 53. Bg6 Ng5+
54. fxg5 Rxh7 55. Bxh7 Rxh7 56. gxf6 Rf7 57. Rc8 Rxf6+ 58. Ke2 Rg6 59. h3 h5
60. Kf3 hxg4+ 61. hxg4 e5 62. Ra8 e4+ 63. Kg3 Rf6 64. Ra6+ Ke5 65. Rxf6 Kxf6
66. Kf4 1-0

[Event "C.to Provinciale MB"]
[Site "Ceriano Laghetto ITA"]
[Date "2014.02.18"]
[Round "5"]
[White "Ronconi, Fausto"]
[Black "Fusi, Claudio"]
[WhiteElo "1700"]
[BlackElo "1610"]
[Result "0-1"]
[PlyCount "136"]
[EventDate "2014.01.21"]

1. d4 f5 2. c4 Nf6 3. Nc3 g6 4. Nf3 Bg7 5. g3 d6 6. Bg2 O-O 7. O-O Qe8 8. Qb3
e6 9. Nb5 Qe7 10. Bf4 a6 11. Qa3 Rd8 12. c5 Ne8 13. cxd6 cxd6 14. Rac1 Nc6 15.
Ne5 dxe5 16. Qxe7 Nxe7 17. Bg5 axb5 18. Bxe7 Rd7 19. Ba3 exd4 20. Rc5 Nd6 21.
Rfc1 h6 22. R5c2 Nc4 23. b3 Rxa3 24. bxc4 b4 25. c5 Rc3 26. c6 Rc7 27. cxb7
Bxb7 28. Rxc3 Rxc3 29. Rb1 Bxg2 30. Kxg2 Bf8 31. Rd1 e5 32. f4 Bd6 33. Kf2 Rc2
34. Ke1 Rxa2 35. Rc1 Ra6 36. fxe5 Bxe5 37. Rc5 Bd6 38. Rd5 Rb6 39. Rxd4 Kf7 40.
Rd1 Kf6 41. Kd2 Be5 42. Kc2 Bc3 43. Kb3 Ke5 44. Kc4 Rd6 45. Rf1 Ke4 46. g4 Rf6
47. Rf3 Ke5 48. gxf5 Rxf5 49. Rg3 Rg5 50. Re3+ Kf4 51. Rf3+ Kg4 52. Re3 Kh4 53.
Kd3 h5 54. Kc4 Rg2 55. Re6 Kh3 56. e4 Kxh2 57. e5 Rg5 58. Kb3 Bxe5 59. Kxb4 h4
60. Kc4 h3 61. Ra6 Rg2 62. Kd3 Bf4 63. Ke4 g5 64. Kf3 Kh1 65. Ra1+ Rg1 66. Ra2
h2 67. Rc2 Rf1+ 68. Kg4 Kg1 0-1

[Event "C.to Provinciale MB"]
[Site "Ceriano Laghetto ITA"]
[Date "2014.02.18"]
[Round "5"]
[White "Squillante, Michele"]
[Black "Lapiccirella, Daniele"]
[WhiteElo "1709"]
[BlackElo "2215"]
[Result "0-1"]
[PlyCount "32"]
[EventDate "2014.01.21"]

1. d4 d5 2. Nf3 Nf6 3. Bg5 Ne4 4. Bh4 c5 5. e3 Qb6 6. Qc1 cxd4 7. Nxd4 Qh6 8.
Bg3 Nxg3 9. fxg3 e5 10. Bb5+ Bd7 11. Bxd7+ Nxd7 12. Nf5 Qg5 13. O-O g6 14. Nh4
Bc5 15. Re1 e4 16. c3 Ne5 0-1

[Event "C.to Provinciale MB"]
[Site "Ceriano Laghetto ITA"]
[Date "2014.02.18"]
[Round "5"]
[White "Stagno, Roberto"]
[Black "Mingolla, Patrizio"]
[WhiteElo "1440"]
[BlackElo "1624"]
[Result "1-0"]
[PlyCount "101"]
[EventDate "2014.01.21"]

1. e4 e5 2. Nf3 Nc6 3. Nc3 Nf6 4. d4 exd4 5. Nxd4 Bb4 6. Nxc6 bxc6 7. f3 O-O 8.
Bg5 Qe7 9. Qd4 Bc5 10. Bxf6 Bxd4 11. Bxe7 Re8 12. Ba3 d6 13. Ne2 Be3 14. b3 Bg5
15. Bb2 a5 16. h4 Be3 17. Bd4 Bxd4 18. Nxd4 Bb7 19. Bd3 Rad8 20. O-O-O Rc8 21.
a4 Rb8 22. Rhe1 Re7 23. Re2 f6 24. Bc4+ Kh8 25. Rde1 g6 26. f4 Rbe8 27. Nf3 c5
28. Bd3 Kg7 29. Bb5 c6 30. Bd3 Bc8 31. f5 Bd7 32. g4 Rb8 33. g5 Rb4 34. gxf6+
Kxf6 35. e5+ dxe5 36. Rxe5 Rxe5 37. Nxe5 Bxf5 38. Bxf5 gxf5 39. Nc4 Rb8 40.
Nxa5 Rc8 41. Rf1 Ke5 42. Nc4+ Ke6 43. Rxf5 Rd8 44. Rxc5 Kd7 45. Rh5 Rh8 46. Kd2
h6 47. Ke3 Re8+ 48. Re5 Rg8 49. Rh5 Rg3+ 50. Kf4 Rc3 51. Ne3 1-0

[Event "C.to Provinciale MB"]
[Site "Ceriano Laghetto ITA"]
[Date "2014.02.18"]
[Round "5"]
[White "Zecca, Alberto"]
[Black "Canciani, Alberto"]
[WhiteElo "1419"]
[BlackElo "1598"]
[Result "0-1"]
[PlyCount "102"]
[EventDate "2014.01.21"]

1. e4 e6 2. Nf3 c5 3. c3 Qc7 4. d3 b6 5. Be2 d6 6. Be3 Bb7 7. a3 Nd7 8. Nbd2
Ngf6 9. h3 h6 10. d4 Nxe4 11. Nxe4 Bxe4 12. Qa4 Bc6 13. Bb5 Bxb5 14. Qxb5 a6
15. Qd3 c4 16. Qe4 d5 17. Qc2 Be7 18. O-O O-O 19. Rad1 b5 20. Qc1 Nf6 21. Rfe1
a5 22. Ne5 b4 23. Bf4 Qb7 24. Re2 Rfb8 25. Nf3 Rc8 26. Be5 Ne4 27. Nd2 Nxd2 28.
Qxd2 bxa3 29. bxa3 Bxa3 30. Qa2 Qb3 31. Rc2 Qxa2 32. Rxa2 Be7 33. Re2 a4 34.
Bf4 g5 35. Be3 Rcb8 36. Ra2 Rb3 37. Bd2 a3 38. Rda1 Rab8 39. Kh2 Bd6+ 40. g3 f5
41. Kg2 Kf7 42. Kf3 Kf6 43. Ke2 Rb2 44. Ke3 Rxa2 45. Rxa2 Rb2 46. Ra1 e5 47.
Bc1 f4+ 48. Kf3 e4+ 49. Kg4 Rxf2 50. Bxa3 Kg6 51. Bxd6 h5# 0-1

[Event "C.to Provinciale MB"]
[Site "Ceriano Laghetto ITA"]
[Date "2014.02.25"]
[Round "6"]
[White "Frigerio, Roberto"]
[Black "Cavalieri, Riccardo"]
[WhiteElo "1754"]
[BlackElo "1576"]
[Result "0-1"]
[PlyCount "58"]
[EventDate "2014.01.21"]

1. e4 c5 2. Nf3 d6 3. d4 cxd4 4. Nxd4 Nf6 5. Nc3 e6 6. Bg5 Be7 7. Ndb5 a6 8. e5
dxe5 9. Qxd8+ Bxd8 10. Nd6+ Ke7 11. O-O-O Bc7 12. Nce4 Nbd7 13. Be2 h6 14. Bh4
b5 15. Bf3 Rb8 16. Nxf6 Nxf6 17. Ne4 g5 18. Bg3 Nxe4 19. Bxe4 f5 20. Bxe5 Bxe5
21. Bc6 Rd8 22. Rxd8 Kxd8 23. Rd1+ Ke7 24. g3 Bd6 25. Bg2 Bb7 26. Bf1 Be4 27.
Be2 g4 28. a3 Bc5 29. Rd2 Bxf2 0-1

[Event "C.to Provinciale MB"]
[Site "Ceriano Laghetto ITA"]
[Date "2014.02.25"]
[Round "6"]
[White "Lapiccirella, Daniele"]
[Black "Fusi, Claudio"]
[WhiteElo "2215"]
[BlackElo "1610"]
[Result "1-0"]
[PlyCount "57"]
[EventDate "2014.01.21"]

1. d4 d6 2. c4 f5 3. Nf3 Nf6 4. g3 g6 5. Bg2 Bg7 6. O-O O-O 7. d5 c5 8. Nbd2
Nbd7 9. Rb1 Ng4 10. h3 Nge5 11. Ng5 Nb6 12. b3 Rb8 13. f4 Nf7 14. Ne6 Bxe6 15.
dxe6 Bd4+ 16. Kh2 Nh6 17. Nf3 Qc8 18. Nxd4 cxd4 19. a4 Qc5 20. Bb2 Na8 21. Bxd4
Qa5 22. b4 Qc7 23. Qb3 Rbc8 24. Rfc1 a6 25. a5 b5 26. cxb5 Qxc1 27. Rxc1 Rxc1
28. b6 Re1 29. Qd3 1-0

[Event "C.to Provinciale MB"]
[Site "Ceriano Laghetto ITA"]
[Date "2014.02.25"]
[Round "6"]
[White "Mingolla, Patrizio"]
[Black "Visigalli, Cesare"]
[WhiteElo "1624"]
[BlackElo "1754"]
[Result "0-1"]
[PlyCount "68"]
[EventDate "2014.01.21"]

1. e4 c6 2. d4 d5 3. Bd3 dxe4 4. Bxe4 Nf6 5. Bf3 g6 6. Ne2 Bg7 7. O-O O-O 8. c3
Nbd7 9. Ng3 Nb6 10. Re1 Re8 11. Nd2 e6 12. Nb3 Nbd5 13. Qc2 Qc7 14. Bg5 h6 15.
Bd2 a5 16. Nc5 Bd7 17. Nxd7 Qxd7 18. Qc1 Kh7 19. a4 Qc7 20. Qc2 Rad8 21. Nh5
Nxh5 22. Bxh5 c5 23. Bf3 cxd4 24. Rac1 dxc3 25. bxc3 Qd7 26. Red1 Qc7 27. Qb3
Rd6 28. Rb1 Rb6 29. Qa3 Rxb1 30. Rxb1 Rd8 31. g3 b6 32. Rc1 Qc4 33. Rb1 Qd3 34.
Bxd5 Qxb1+ 0-1

[Event "C.to Provinciale MB"]
[Site "Ceriano Laghetto ITA"]
[Date "2014.02.25"]
[Round "6"]
[White "Monticelli, Francesco"]
[Black "Moroni, Luca Jr"]
[WhiteElo "1705"]
[BlackElo "2253"]
[Result "0-1"]
[PlyCount "88"]
[EventDate "2014.01.21"]

1. e4 c5 2. c3 Nf6 3. e5 Nd5 4. Nf3 Nc6 5. d4 cxd4 6. cxd4 d6 7. Bc4 Nb6 8. Bb5
dxe5 9. Nxe5 Bd7 10. Nxd7 Qxd7 11. O-O e6 12. Bf4 Bd6 13. Be5 O-O 14. Nc3 Bxe5
15. Bxc6 Bxh2+ 16. Kxh2 Qxc6 17. Qg4 Nd5 18. Rac1 Rac8 19. Qg3 Qd7 20. Rfe1 Nf6
21. Ne2 Qd5 22. Qh4 Qxa2 23. Ra1 Qxb2 24. Rxa7 Rc2 25. Nf4 Qxd4 26. Ra3 Rxf2
27. Rf3 Rxf3 28. gxf3 Rc8 29. Rg1 Rc2+ 30. Kh1 e5 31. Qg5 g6 32. Nxg6 hxg6 33.
Qxf6 Qf2 34. Rxg6+ fxg6 35. Qxg6+ Kf8 36. Qf6+ Ke8 37. Qxe5+ Kd7 38. Qd5+ Kc7
39. Qe5+ Kb6 40. Qd6+ Ka7 41. Qa3+ Kb8 42. Qd6+ Rc7 43. Qf8+ Rc8 44. Qd6+ Ka8
0-1

[Event "C.to Provinciale MB"]
[Site "Ceriano Laghetto ITA"]
[Date "2014.02.25"]
[Round "6"]
[White "Origgio, Stefano"]
[Black "Zecca, Alberto"]
[WhiteElo "1691"]
[BlackElo "1419"]
[Result "1-0"]
[PlyCount "61"]
[EventDate "2014.01.21"]

1. d4 d5 2. c4 e6 3. Nc3 Nf6 4. Nf3 Bd6 5. e3 c6 6. Qc2 Nbd7 7. b3 Qc7 8. Bb2
Ng4 9. h3 Ngf6 10. Bd3 a6 11. a4 Bb4 12. O-O h6 13. e4 O-O 14. cxd5 cxd5 15.
exd5 exd5 16. Rac1 Nb6 17. Nxd5 Qxc2 18. Nxf6+ gxf6 19. Rxc2 Nd5 20. Be4 Be6
21. Bc1 Kg7 22. Bd2 Rab8 23. Bxd5 Bf5 24. Bxb4 Bxc2 25. Bxf8+ Kxf8 26. Rc1 Bf5
27. Rc7 Bg6 28. Rxb7 Rd8 29. Bc4 Be4 30. Rxf7+ Ke8 31. Rxf6 1-0

[Event "C.to Provinciale MB"]
[Site "Ceriano Laghetto ITA"]
[Date "2014.02.25"]
[Round "6"]
[White "Regorda, Vittorio"]
[Black "Stagno, Roberto"]
[WhiteElo "1778"]
[BlackElo "1440"]
[Result "1-0"]
[PlyCount "75"]
[EventDate "2014.01.21"]

1. d4 e6 2. c4 c5 3. d5 exd5 4. cxd5 d6 5. Nc3 Nf6 6. e4 Nbd7 7. f4 Be7 8. Nf3
h6 9. Be2 b6 10. O-O Bb7 11. Nd2 a6 12. a4 O-O 13. Bf3 Re8 14. Re1 Rb8 15. e5
Nh7 16. Nc4 dxe5 17. fxe5 Ndf8 18. Bf4 Rc8 19. Bg4 Ra8 20. Qd2 Bc8 21. Bh5 Ng6
22. Bg3 Nhf8 23. Rad1 Ra7 24. Qf2 Bd7 25. e6 Bf6 26. exd7 Nxd7 27. Kh1 Nde5 28.
Nxe5 Bxe5 29. Bxg6 fxg6 30. Rxe5 Rf7 31. Rxe8+ Qxe8 32. Qg1 b5 33. axb5 axb5
34. Qxc5 b4 35. Qxb4 Qe3 36. Qb8+ Kh7 37. d6 Qd3 38. Qb5 1-0

[Event "C.to Provinciale MB"]
[Site "Ceriano Laghetto ITA"]
[Date "2014.02.25"]
[Round "6"]
[White "Veronelli, Franco"]
[Black "Ronconi, Fausto"]
[WhiteElo "1728"]
[BlackElo "1700"]
[Result "1-0"]
[PlyCount "59"]
[EventDate "2014.01.21"]

1. e4 e6 2. d4 d5 3. exd5 exd5 4. c4 dxc4 5. Bxc4 Bb4+ 6. Nc3 Nf6 7. Nge2 O-O
8. Bg5 Bg4 9. O-O Nc6 10. f3 Bh5 11. Nd5 Be7 12. Nxe7+ Qxe7 13. Ng3 Bg6 14. Re1
Qd6 15. Ne2 Rad8 16. Bf4 Qd7 17. Bb5 a6 18. Bxc6 bxc6 19. Qa4 Bd3 20. Rad1 Bb5
21. Qa5 Nd5 22. Bg3 Rfe8 23. Nc3 Ne3 24. Rc1 Qxd4 25. Bf2 Nc4 26. Qxc7 Rxe1+
27. Rxe1 Qf6 28. a4 Nxb2 29. axb5 cxb5 30. Ne4 1-0

[Event "C.to Provinciale MB"]
[Site "Ceriano Laghetto ITA"]
[Date "2014.02.25"]
[Round "6"]
[White "Viale, Fabio"]
[Black "Squillante, Michele"]
[WhiteElo "1834"]
[BlackElo "1709"]
[Result "1-0"]
[PlyCount "87"]
[EventDate "2014.01.21"]

1. d4 Nf6 2. c4 g6 3. Nc3 d5 4. cxd5 Nxd5 5. e4 Nxc3 6. bxc3 Bg7 7. Nf3 c5 8.
Rb1 Nc6 9. Bb5 O-O 10. O-O Qc7 11. d5 Ne5 12. Nxe5 Bxe5 13. f4 Bxc3 14. Be3 b6
15. Qb3 Bg7 16. Bc6 Rb8 17. Bxc5 Bd7 18. Bxe7 Rfe8 19. Bxd7 Qxd7 20. d6 Bf8 21.
Bxf8 Kxf8 22. e5 Rbc8 23. Rbc1 Rc6 24. Qd5 Rec8 25. Rxc6 Rxc6 26. Rd1 Rc5 27.
Qe4 b5 28. h3 Rc4 29. Rd4 Rc6 30. a4 a6 31. axb5 axb5 32. Qd3 h5 33. Kh2 Rb6
34. Qa3 Rb7 35. Qc5 Kg7 36. Rb4 Kf8 37. Rb1 Kg7 38. Rb3 Kf8 39. Rc3 Ke8 40. Ra3
Kf8 41. Ra8+ Kg7 42. Qc8 Qxc8 43. Rxc8 b4 44. Rc7 1-0

[Event "Match De Filomeno-Hou Yifan"]
[Site "Firenze ITA"]
[Date "2014.02.08"]
[Round "1"]
[White "Hou, Yifan"]
[Black "De Filomeno, Simone"]
[WhiteElo "2629"]
[BlackElo "2430"]
[Result "1-0"]
[PlyCount "65"]
[EventDate "2014.02.08"]

1. e4 c5 2. Nf3 d6 3. d4 cxd4 4. Nxd4 Nf6 5. Nc3 a6 6. Be2 g6 7. O-O Bg7 8. a4
O-O 9. Be3 Nc6 10. Qd2 Bd7 11. Rfd1 Ne5 12. f3 Rc8 13. a5 Nc4 14. Bxc4 Rxc4 15.
Nde2 Rc8 16. b3 Bc6 17. Bb6 Qe8 18. Bd4 Nd7 19. Nd5 Bxd4+ 20. Nxd4 Bxd5 21.
exd5 Nf6 22. c4 Qd7 23. Re1 Rce8 24. Qg5 Nh5 25. Rad1 e5 26. dxe6 fxe6 27. Ne2
Qc7 28. Qd2 Qc5+ 29. Kf1 Rd8 30. Nd4 Nf4 31. Nxe6 Nxe6 32. Rxe6 d5 33. Re5 1-0

[Event "Match De Filomeno-Hou Yifan"]
[Site "Firenze ITA"]
[Date "2014.02.09"]
[Round "2"]
[White "De Filomeno, Simone"]
[Black "Hou, Yifan"]
[WhiteElo "2430"]
[BlackElo "2629"]
[Result "1/2-1/2"]
[PlyCount "75"]
[EventDate "2014.02.08"]

1. d4 Nf6 2. c4 e6 3. Nf3 b6 4. g3 Bb7 5. Bg2 Be7 6. O-O O-O 7. d5 exd5 8. Nh4
c6 9. cxd5 Nxd5 10. Nf5 Nc7 11. Nc3 d5 12. e4 Bf6 13. Bf4 Bc8 14. Rc1 Bxc3 15.
bxc3 Bxf5 16. exf5 Nba6 17. c4 Qf6 18. cxd5 Nxd5 19. Rxc6 Qxc6 20. Bxd5 Qf6 21.
Bxa8 Rxa8 22. Qf3 Rf8 23. Qa3 Nc5 24. Qxa7 Nd3 25. Be3 Qxf5 26. Qxb6 Ne5 27.
Qb7 h5 28. h4 Re8 29. Kg2 Qc2 30. Qd5 Ng4 31. Bd4 Qd2 32. Qc6 Rd8 33. Bb6 Rd6
34. Qc8+ Kh7 35. Qf5+ Kg8 36. Qc8+ Kh7 37. Qf5+ Kg8 38. Qc8+ 1/2-1/2

[Event "XIII Festival Scacchi tra le Torri A"]
[Site "Melegnano ITA"]
[Date "2014.02.28"]
[Round "1"]
[White "Bemporad, Filippo"]
[Black "Mrdja, Milan"]
[WhiteElo "2058"]
[BlackElo "2367"]
[Result "0-1"]
[PlyCount "70"]
[EventDate "2014.02.28"]

1. d4 c5 2. c3 e6 3. Nf3 Nc6 4. g3 d5 5. Bg2 cxd4 6. cxd4 Bb4+ 7. Bd2 Bd6 8.
Nc3 f5 9. O-O Nf6 10. e3 O-O 11. Ne2 Ne4 12. Nf4 Bd7 13. Nd3 Qf6 14. Qb3 b6 15.
Bc3 Nxc3 16. Qxc3 Rac8 17. Qd2 g5 18. Rfc1 f4 19. Re1 fxg3 20. fxg3 Kh8 21. Rf1
Qg7 22. Qe2 g4 23. Nd2 Nxd4 24. exd4 Qxd4+ 25. Nf2 Rc2 26. Nb3 Qxb2 27. Qe3 Bb5
28. Qd4+ Be5 29. Qxb2 Bxb2 30. Rad1 Bxf1 31. Rxf1 h5 32. Nd3 Rxf1+ 33. Kxf1 Bf6
34. Nf4 a5 35. Nxe6 a4 0-1

[Event "XIII Festival Scacchi tra le Torri A"]
[Site "Melegnano ITA"]
[Date "2014.02.28"]
[Round "1"]
[White "Blengino, Cristiano"]
[Black "Zanetti, Alberto"]
[WhiteElo "1943"]
[BlackElo "2162"]
[Result "1/2-1/2"]
[PlyCount "86"]
[EventDate "2014.02.28"]

1. d4 Nf6 2. c4 e6 3. Nf3 b6 4. g3 Bb7 5. Bg2 Be7 6. Nc3 O-O 7. O-O Ne4 8. Nxe4
Bxe4 9. d5 Bf6 10. Qb3 Na6 11. Be3 Nc5 12. Qb4 exd5 13. Rac1 Qe7 14. Rfd1 a5
15. Qd2 dxc4 16. Rxc4 d5 17. Rcc1 Ne6 18. Nd4 c5 19. Nxe6 Qxe6 20. Bxe4 dxe4
21. b3 Rfd8 22. Qc2 Rxd1+ 23. Rxd1 Rd8 24. Rf1 g6 25. Rb1 Be7 26. Kg2 f5 27.
Qc1 Kf7 28. Bf4 Rd7 29. Be3 Bf6 30. h4 Qd5 31. Kg1 Bd4 32. Bf4 b5 33. Qc2 b4
34. Rc1 Bc3 35. Be3 Ke6 36. Rf1 h5 37. Rb1 Rd6 38. Rf1 c4 39. Rb1 cxb3 40. axb3
Qb5 41. Bf4 Rd5 42. Be3 Qd7 43. Rf1 Qb5 1/2-1/2

[Event "XIII Festival Scacchi tra le Torri A"]
[Site "Melegnano ITA"]
[Date "2014.02.28"]
[Round "1"]
[White "Giretti Kanev, Jasen"]
[Black "Bonassi, Tommaso"]
[WhiteElo "2170"]
[BlackElo "1953"]
[Result "1-0"]
[PlyCount "51"]
[EventDate "2014.02.28"]

1. Nf3 Nf6 2. b3 c5 3. Bb2 e6 4. e3 d5 5. Ne5 Be7 6. Bd3 Nc6 7. O-O Qb6 8. a4
O-O 9. f4 c4 10. a5 Nxa5 11. Bd4 Qc7 12. bxc4 dxc4 13. Ng4 e5 14. Nxf6+ Bxf6
15. fxe5 cxd3 16. exf6 dxc2 17. Qh5 cxb1=Q 18. Rfxb1 Qc2 19. fxg7 Re8 20. Qxa5
Bf5 21. Rxb7 Be4 22. Qc7 Qxc7 23. Rxc7 a5 24. Ra7 Rac8 25. R7xa5 Bg6 26. Kf2
1-0

[Event "XIII Festival Scacchi tra le Torri A"]
[Site "Melegnano ITA"]
[Date "2014.02.28"]
[Round "1"]
[White "Magrini, Fabrizio"]
[Black "Tagliaferri, Valerio"]
[WhiteElo "2158"]
[BlackElo "1892"]
[Result "1/2-1/2"]
[PlyCount "80"]
[EventDate "2014.02.28"]

1. e4 c6 2. d4 d5 3. Nd2 dxe4 4. Nxe4 Bf5 5. Ng3 Bg6 6. h4 h6 7. h5 Bh7 8. Nf3
e6 9. Bd3 Bxd3 10. Qxd3 Nd7 11. Bd2 Qc7 12. Ne4 Ngf6 13. O-O-O O-O-O 14. g3
Nxe4 15. Qxe4 Nf6 16. Qe2 Bd6 17. c4 Qe7 18. Rhe1 Nxh5 19. d5 cxd5 20. cxd5 Nf6
21. Ba5 b6 22. Bc3 Kb7 23. dxe6 Qxe6 24. Qxe6 fxe6 25. Rxe6 Bc5 26. Rf1 Rhe8
27. Rxe8 Nxe8 28. Kc2 Rd7 29. Ne5 Re7 30. f4 Nf6 31. b4 Bd6 32. Nc4 Bc7 33. Rd1
Re2+ 34. Kb3 Rg2 35. Rd3 Nh5 36. Be1 Re2 37. Bc3 Rg2 38. Be1 Re2 39. Re3 Rxe3+
40. Nxe3 b5 1/2-1/2

[Event "XIII Festival Scacchi tra le Torri A"]
[Site "Melegnano ITA"]
[Date "2014.02.28"]
[Round "1"]
[White "Pelizzola, Danilo"]
[Black "Collutiis, Duilio"]
[WhiteElo "2143"]
[BlackElo "2474"]
[Result "1/2-1/2"]
[PlyCount "115"]
[EventDate "2014.02.28"]

1. e4 c5 2. Nf3 e6 3. d4 cxd4 4. Nxd4 a6 5. Nc3 Qc7 6. Bd3 Nc6 7. Be3 b5 8. O-O
Bb7 9. Nxc6 Qxc6 10. Ne2 Nf6 11. Nd4 Qc7 12. f3 d5 13. exd5 Nxd5 14. Bf2 Bd6
15. h3 O-O 16. c3 Qe7 17. Qc2 g6 18. Rae1 Nf4 19. Be3 Rad8 20. Be4 Bb8 21. Bxb7
Qxb7 22. Bxf4 Bxf4 23. Qe4 Qxe4 24. Rxe4 Bc7 25. Kh1 Rd5 26. Nb3 Rfd8 27. g4
Kg7 28. Kg2 h5 29. Rd4 hxg4 30. hxg4 Rxd4 31. Nxd4 Bb6 32. Re1 Bxd4 33. cxd4
Rxd4 34. Re2 Kf6 35. Kf2 Ke7 36. Ke3 Rd1 37. Rc2 Kd7 38. Rc3 g5 39. b4 f6 40.
a3 Ra1 41. Ke4 Re1+ 42. Kd3 Kd6 43. Kd2 Re5 44. Rc8 Rd5+ 45. Ke3 Kd7 46. Ra8
Rd6 47. Ra7+ Ke8 48. Ke4 Rc6 49. Kd3 Kf8 50. Kd4 Ke8 51. Kd3 Rd6+ 52. Ke4 Rb6
53. Kd4 Rc6 54. Kd3 Kd8 55. Rf7 e5 56. Ra7 Kc8 57. Rf7 Kb8 58. Kd2 1/2-1/2

[Event "XIII Festival Scacchi tra le Torri A"]
[Site "Melegnano ITA"]
[Date "2014.02.28"]
[Round "1"]
[White "Rigo, Gianfrancesco"]
[Black "Gromovs, Sergejs"]
[WhiteElo "2013"]
[BlackElo "2181"]
[Result "0-1"]
[PlyCount "52"]
[EventDate "2014.02.28"]

1. e4 c5 2. Nc3 Nc6 3. f4 e6 4. Nf3 d5 5. Bb5 d4 6. Ne2 Bd7 7. c3 a6 8. Bd3 Nf6
9. O-O b5 10. cxd4 cxd4 11. Kh1 Qb6 12. a3 b4 13. Ng3 h5 14. Ne5 Nxe5 15. fxe5
Ng4 16. Nxh5 Nxe5 17. Be2 d3 18. Bg4 b3 19. Bh3 Rc8 20. Nf4 Rc4 21. Re1 Bc5 22.
Nh5 Bc6 23. Ng3 Bf2 24. Rf1 Bxg3 25. hxg3 g5 26. g4 Rxe4 0-1

[Event "XIII Festival Scacchi tra le Torri A"]
[Site "Melegnano ITA"]
[Date "2014.02.28"]
[Round "1"]
[White "Salvador, Roland"]
[Black "Innocenti, Giovanni"]
[WhiteElo "2462"]
[BlackElo "2083"]
[Result "1-0"]
[PlyCount "95"]
[EventDate "2014.02.28"]

1. d4 d5 2. Nf3 Nf6 3. c4 c6 4. Nc3 dxc4 5. a4 Bf5 6. Nh4 Bg4 7. h3 Bh5 8. g4
Bg6 9. e3 Bd3 10. Bxd3 cxd3 11. Qxd3 e6 12. f4 Bb4 13. g5 Nfd7 14. Bd2 Na6 15.
Nf3 Qa5 16. Ne4 Qd5 17. Ke2 O-O-O 18. Nc3 Qb3 19. Qe4 Qc4+ 20. Kf2 Bxc3 21.
Bxc3 Ndc5 22. Qb1 Nd3+ 23. Kg3 Nab4 24. Ra3 f6 25. Bd2 a5 26. Rc3 Qa6 27. Rd1
h6 28. e4 hxg5 29. fxg5 f5 30. exf5 exf5 31. Be1 f4+ 32. Kg2 Nxe1+ 33. Rxe1 Nd5
34. Rc5 Ne3+ 35. Rxe3 fxe3 36. Qf5+ Rd7 37. Rxa5 Qe2+ 38. Kg3 Qf2+ 39. Kg4 e2
40. Ra8+ Kc7 41. Qe5+ Rd6 42. Rxh8 e1=Q 43. Nxe1 Qg1+ 44. Kh5 Qf1 45. Qa5+ Kd7
46. Rd8+ Ke6 47. Qe5+ Kf7 48. Qe8# 1-0

[Event "XIII Festival Scacchi tra le Torri A"]
[Site "Melegnano ITA"]
[Date "2014.02.28"]
[Round "1"]
[White "Xia, Jie"]
[Black "Minerva, Enzo"]
[WhiteElo "2274"]
[BlackElo "2043"]
[Result "1-0"]
[PlyCount "83"]
[EventDate "2014.02.28"]

1. e4 c5 2. Nf3 e6 3. c3 Nc6 4. d4 cxd4 5. cxd4 Bb4+ 6. Nc3 Nge7 7. d5 Nb8 8.
Bc4 O-O 9. O-O a6 10. Bb3 Kh8 11. Qd4 Bxc3 12. bxc3 d6 13. dxe6 fxe6 14. Ba3
Nbc6 15. Qxd6 Qa5 16. Qc5 Qc7 17. Nd4 b6 18. Qd6 Qxd6 19. Bxd6 Nxd4 20. cxd4
Ra7 21. Rac1 Re8 22. Rc7 Rxc7 23. Bxc7 b5 24. Rc1 Bd7 25. f3 Nc6 26. Bb6 Rc8
27. Kf2 Ne7 28. Rxc8+ Nxc8 29. Bc5 Kg8 30. f4 g6 31. Kf3 Kf7 32. g4 h6 33. f5
gxf5 34. gxf5 Kf6 35. fxe6 Bxe6 36. d5 Bh3 37. Kf4 a5 38. e5+ Kf7 39. e6+ Ke8
40. d6 a4 41. Bd5 b4 42. Bc6+ 1-0

[Event "XIII Festival Scacchi tra le Torri A"]
[Site "Melegnano ITA"]
[Date "2014.03.01"]
[Round "2"]
[White "Bonassi, Tommaso"]
[Black "Bemporad, Filippo"]
[WhiteElo "1953"]
[BlackElo "2058"]
[Result "1-0"]
[PlyCount "45"]
[EventDate "2014.02.28"]

1. e4 c5 2. Nf3 d6 3. d4 cxd4 4. Nxd4 Nf6 5. Nc3 e6 6. Be2 Be7 7. g4 h6 8. Be3
a6 9. Qd2 Nc6 10. O-O-O Qc7 11. f4 Nd7 12. h4 b5 13. g5 Nc5 14. Bxb5 axb5 15.
Ndxb5 Qb8 16. Nxd6+ Bxd6 17. Qxd6 Qxd6 18. Rxd6 Nxe4 19. Nxe4 Nb4 20. Bd4 Bb7
21. Re1 hxg5 22. Bxg7 Rxh4 23. Nf6+ 1-0